| 000 | 02028aam a2200301 a 4500 | ||
|---|---|---|---|
| 001 | 000003207 | ||
| 003 | DO-SdBNP | ||
| 005 | 20220307102917.0 | ||
| 007 | ta | ||
| 008 | 040620s2002 dr b 001 0dspa d | ||
| 020 | _a9993487155 | ||
| 040 |
_aDO-SdBNP _bspa _cBNPHU |
||
| 082 |
_a344.074 _bF224e _222 |
||
| 100 | 1 | 0 |
_aFarías Campos, Félix, _d1959- _910131 |
| 245 | 1 | 0 |
_aEvolución, orientaciones y tendencias de la legislación de la educación superior dominicana / _cFélix Farías |
| 260 |
_aSanto Domimgo : _bUnicaribe, _c2002. |
||
| 300 |
_a202 p. ; _c22 cm. |
||
| 500 | _aIncluye índice. | ||
| 504 | _aBibliografía: p. 63-66. | ||
| 505 | 0 | _aIntroducción -- Origen del Sistema de Educación Superior Dominicano, 1518-1961 -- Incursión del Sector privado en la Educación Superior Dominicana, 1962-1982 -- Regulación de la Educación Superior Dominicana, 1983-2000 -- Reforma del Sistema de Educación Superior Dominicano, 2001 -- Bibliografía -- Anexos. | |
| 505 | 0 | _aAnexos: Decreto 914 que convierte el Instituto Profesional en Universidad Santo Domingo -- Ley 1398 de Organización Universitaria -- Ley 111 sobre Exequátur -- Ley 5778 sobre Autonomía de la UASD -- Ley 6150 que crea la PUCMM -- Ley 292 que ordena la Supresión del Fuero en la UASD -- Ley 273 que regula la educación superior privada -- Ley 236 que modifica la 273 sobre educación superior privada -- Decreto 449 que crea Comisión CONIES -- Ley 14 declara inejecutable bienes universitarios estatales -- Decreto 861 crea Comisión CONES -- Decreto 1255 crea Consejo CONES -- Decreto 259-96 modifica el 1255 del CONES -- Decreto 517-96 modifica el 259-96 -- Ley 139-01 crea la Secretaría de Educación Superior, Ciencia y Tecnología. | |
| 590 | _aInventariado,2018/DG | ||
| 650 | 4 |
_aEducación superior _xLegislación _zRepública Dominicana _910132 |
|
| 650 | 4 |
_aEducación superior _xHistoria _zRepública Dominicana _910133 |
|
| 700 | 1 |
_aReyes, Roberto _910134 _eCorretor de estilo |
|
| 910 | _aSaquino | ||
| 942 |
_2ddc _cLBS1 |
||
| 999 |
_c3038 _d3038 |
||